Fundamentos de finanzas corporativas.
| Main Author: | |
|---|---|
| Format: | Section = Libro |
| Language: | Undetermined Spanish |
| Published: |
España
McGraw-Hill
2007
|
| Subjects: |
| LEADER | 00459nam a2200181Ia 4500 | ||
|---|---|---|---|
| 008 | 240830s9999 xx 000 0 und d | ||
| 020 | |a 978-84-481-5661-9 | ||
| 040 | |a CEDOC FIQ-RUSB / 658.1 B828 | ||
| 041 | |a spa | ||
| 082 | |a 658.1 B828 | ||
| 100 | 1 | |a Brealy Myers, Marcus | |
| 245 | 1 | 0 | |a Fundamentos de finanzas corporativas. |
| 260 | |a España |b McGraw-Hill |c 2007 | ||
| 300 | |a 764 p. :il | ||
| 650 | 7 | |a FINANZAS | |
| 942 | |c BK |2 ddc | ||
| 991 | |a TEXTO | ||
| 999 | |c 13334 | ||